000 00538nam a22001817a 4500
005 20170517124448.0
010 _aENG-118208
020 _a9789384275273
_c995.00
035 _aEN-101740
037 _bDBAD/PUB
082 _a954.5
100 _aSharma, Shyam Sundar
245 _a History of north east india/
_cby Shyam Sundar Sharma
260 _aIndia
_bNE BOOKS AND PUBLISHERS
_c2017
270 _aNational Highway Silchar- 788005 Assam, India
300 _a218p.
_c24cm. (Hb)
942 _2ddc
_cEN
_h954.5
_mSHA
999 _c140020
_d140020